| 000 | 00919pam a2200253 a 4500 | ||
|---|---|---|---|
| 999 |
_c6054 _d6054 |
||
| 001 | 18983980 | ||
| 003 | OCoLC | ||
| 005 | 20190329094106.0 | ||
| 008 | 881221s1989 miu 001 0 eng | ||
| 010 | _a88035077 | ||
| 020 | _a0801038197 | ||
| 040 |
_aDLC _cDLC _dMAL |
||
| 050 | 0 |
_aBV4225.2 _b.I44 1989 |
|
| 082 | 0 |
_aREF 251 _219 _bG795I |
|
| 092 |
_a251.08 _bIℓ6g |
||
| 245 | 0 | 0 |
_aIllustrations for biblical preaching / _cedited by Michael P. Green ; foreword by Haddon W. Robinson. |
| 260 |
_aGrand Rapids, Mich. : _bBaker Book House, _cc1989. |
||
| 300 |
_a448 p. ; _c24 cm. |
||
| 500 | _a"First published in a card-file format as The expositor's illustration file in 1982 and in a revised edition published in 1985. The current work is a major revision of the 1985 edition"--P. 11. | ||
| 500 | _aIncludes indexes. | ||
| 650 | 0 | _aHomiletical illustrations. | |
| 700 | 1 | _aGreen, Michael P. | |
| 942 |
_2ddc _cREF |
||